Countries by population in 1600 - Statistics

General Stats
  • This quiz has been taken 80 times
  • The average score is 7 of 10
Answer Stats
Population Country % % Correct
18,000,000-20,000,000 Kingdom of France 3.5
93%
60,000,000–150,000,000 Ming Dynasty 27.6
92%
28,745,000 Iberian Union and possessions 5.0
89%
115,000,000 Mughal Empire 19.9
85%
9,000,000 Tsardom of Russia 1.6
84%
12,000,000 Tokugawa Japan 2.1
78%
28,740,000 Ottoman Empire 5.0
77%
27,000,000–34,000,000 Holy Roman Empire 5.2
53%
11,000,000 Joseon 1.6
46%
13,060,860 Kingdom of Morocco and possessions 2.3
12%
No matching quizzes found
Score Distribution
Percent of People with Each Score
Percentile by Number Answered
Your Score History
You have not taken this quiz